[Event "GER-ch U10"]
[Site "Willingen"]
[Date "2023.06.02"]
[Round "9"]
[White "Lange, Fynn Jeremy"]
[Black "Menke, Raphael Wilhelm"]
[Result "1-0"]
[WhiteElo "1616"]
[BlackElo "1884"]
[PlyCount "81"]
[EventDate "2023.05.27"]
[EventType "swiss"]
[EventRounds "11"]
[EventCountry "GER"]
[SourceTitle "CBM 214 Extra"]
[Source "ChessBase"]
[SourceDate "2023.07.31"]
[SourceVersion "1"]
[SourceVersionDate "2023.07.31"]
[SourceQuality "1"]

1. c4 e5 2. g3 Nc6 3. Bg2 f5 4. Nc3 Nf6 5. e3 Bb4 6. Nge2 Bxc3 7. Nxc3 d6 8. d4 e4 9. a3 0-0 10. b4 a5 11. b5 Ne7 12. 0-0 c6 13. a4 d5 14. c5 b6 15. Ba3 Rf7 16. Qb3 Nd7 17. bxc6 Nxc6 18. Nxd5 bxc5 19. dxc5 Nde5 20. Nb6 Rb8 21. Rfd1 Qc7 22. Qd5 Bb7 23. Qd6 Nd3 24. Rxd3 exd3 25. Qxd3 Ne5 26. Qb3 Bxg2 27. Kxg2 Qb7+ 28. Qd5 Qxd5+ 29. Nxd5 Nc4 30. c6 Nxa3 31. Rxa3 Rd8 32. c7 Rc8 33. Rb3 Kf8 34. Rb5 g6 35. Rxa5 Re8 36. Rb5 Kg7 37. a5 Rff8 38. a6 Re6 39. a7 Rc6 40. Rb8 Rf7 41. a8Q 1-0

[Event "GER-ch U10"]
[Site "Willingen"]
[Date "2023.05.31"]
[Round "6"]
[White "Menke, Raphael Wilhelm"]
[Black "Li, Yunqi"]
[Result "1/2-1/2"]
[WhiteElo "1884"]
[BlackElo "1609"]
[PlyCount "51"]
[EventDate "2023.05.27"]
[EventType "swiss"]
[EventRounds "11"]
[EventCountry "GER"]
[SourceTitle "CBM 214 Extra"]
[Source "ChessBase"]
[SourceDate "2023.07.31"]
[SourceVersion "1"]
[SourceVersionDate "2023.07.31"]
[SourceQuality "1"]

1. e4 e6 2. d4 d5 3. Nc3 Nf6 4. Bg5 Bb4 5. e5 h6 6. Bd2 Bxc3 7. bxc3 Ne4 8. Qg4 g6 9. Bd3 Nxd2 10. Kxd2 c5 11. h4 c4 12. Be2 Qe7 13. h5 g5 14. f4 gxf4 15. Qxf4 Nd7 16. Rf1 Nb6 17. Rh3 Bd7 18. Rg3 Qf8 19. Qf6 Rh7 20. Rf4 Ba4 21. Rgf3 Nd7 22. Qh4 Qe7 23. Qf2 Rg7 24. Rg3 Qf8 25. Nh3 Qg8 26. Rxg7 1/2-1/2

[Event "Itzehoe op"]
[Site "Itzehoe"]
[Date "2022.10.03"]
[Round "5"]
[White "Christensen, Andreas"]
[Black "Menke, Raphael Wilhelm"]
[Result "1-0"]
[WhiteElo "1835"]
[BlackElo "1938"]
[PlyCount "129"]
[EventDate "2022.10.01"]
[EventType "swiss"]
[EventRounds "5"]
[EventCountry "GER"]
[SourceTitle "CBM 210 Extra"]
[Source "ChessBase"]
[SourceDate "2022.11.30"]
[SourceVersion "1"]
[SourceVersionDate "2022.11.30"]
[SourceQuality "1"]

1. d4 Nf6 2. c4 c5 3. d5 b5 4. Nc3 b4 5. Nb1 d6 6. Qc2 g6 7. e4 Nbd7 8. b3 Bg7 9. Bb2 0-0 10. Nf3 Qc7 11. Be2 Bb7 12. Nbd2 a5 13. 0-0 Rfe8 14. Rfe1 Rad8 15. Bd3 e5 16. dxe6 Rxe6 17. Rad1 Ne5 18. Ng5 Ree8 19. Nh3 Bc8 20. Nf4 Bb7 21. f3 g5 22. Ne2 g4 23. Ng3 gxf3 24. gxf3 Bc8 25. Be2 h5 26. f4 Neg4 27. Qd3 h4 28. h3 Nh6 29. Bxf6 Bxf6 30. Nh5 Bd4+ 31. Kh2 Qe7 32. Qf3 Kh7 33. Bd3 f5 34. exf5 Qf7 35. Ne4 Kh8 36. Ng5 Qf8 37. Qd5 Qg8 38. Qxg8+ Kxg8 39. Ne6 Bxe6 40. fxe6 Re7 41. Re2 Rf8 42. Be4 Nf5 43. Rg2+ Kh8 44. Rg6 Ra7 45. Bd5 Re7 46. Rd2 Be3 47. Rdg2 Kh7 48. Nf6+ Rxf6 49. Rxf6 Bxf4+ 50. Kg1 Be3+ 51. Kf1 Ng3+ 52. Ke1 Kg7 53. Rf3 Bd4 54. Rf4 Bf6 55. Rg4+ Kh7 56. Rf2 Nh5 57. Be4+ Kh8 58. Rf5 Rh7 59. Rd5 Bc3+ 60. Kd1 Nf6 61. Bxh7 Kxh7 62. Rxh4+ Kg6 63. Rxd6 Be5 64. Ra6 Bc7 65. Rh8 1-0

[Event "GER-ch U10"]
[Site "Willingen"]
[Date "2022.06.06"]
[Round "3"]
[White "Rohatgi, Kushagra"]
[Black "Menke, Raphael Wilhelm"]
[Result "1-0"]
[WhiteElo "1235"]
[BlackElo "1212"]
[PlyCount "105"]
[EventDate "2022.06.04"]
[EventType "swiss"]
[EventRounds "11"]
[EventCountry "GER"]
[SourceTitle "CBM 208 Extra"]
[Source "ChessBase"]
[SourceDate "2022.07.31"]
[SourceVersion "1"]
[SourceVersionDate "2022.07.31"]
[SourceQuality "1"]

1. e4 e5 2. Nf3 Nc6 3. Bc4 Nf6 4. d3 Bc5 5. c3 a6 6. a4 d6 7. 0-0 h6 8. h3 g5 9. d4 Ba7 10. dxe5 dxe5 11. Qxd8+ Kxd8 12. Bxf7 Nxe4 13. Bd5 Nd6 14. Bxc6 bxc6 15. Nxe5 Bb7 16. Nd2 Rf8 17. Ndf3 Rf5 18. Be3 Bxe3 19. fxe3 Ke7 20. Nd3 Raf8 21. Nd4 Rxf1+ 22. Rxf1 Rxf1+ 23. Kxf1 a5 24. Nc5 Ba8 25. Nde6 Ne8 26. Kf2 Kf6 27. Kg3 Kf5 28. Nd4+ Kg6 29. b4 axb4 30. cxb4 Kf6 31. h4 Ng7 32. hxg5+ hxg5 33. Kg4 Kg6 34. Nde6 Nxe6 35. Nxe6 Kf6 36. Nc5 Kg6 37. e4 Kf6 38. g3 Ke5 39. Kxg5 Kd4 40. Kf5 Kc4 41. Ke5 Kxb4 42. Kd4 Ka5 43. e5 Kb6 44. e6 Bb7 45. Nxb7 Kxb7 46. e7 Kb6 47. e8Q c5+ 48. Kc4 Kb7 49. Kxc5 c6 50. Qxc6+ Kb8 51. a5 Ka7 52. a6 Kb8 53. Qb7# 1-0

[Event "GER-ch U10"]
[Site "Willingen"]
[Date "2022.06.05"]
[Round "1"]
[White "Fadeev, Justin Michael"]
[Black "Menke, Raphael Wilhelm"]
[Result "1-0"]
[WhiteElo "1320"]
[BlackElo "1212"]
[PlyCount "151"]
[EventDate "2022.06.04"]
[EventType "swiss"]
[EventRounds "11"]
[EventCountry "GER"]
[SourceTitle "CBM 208 Extra"]
[Source "ChessBase"]
[SourceDate "2022.07.31"]
[SourceVersion "1"]
[SourceVersionDate "2022.07.31"]
[SourceQuality "1"]

1. e4 e5 2. Nf3 Nc6 3. d4 exd4 4. Bc4 Nf6 5. e5 d5 6. Bb5 Nd7 7. 0-0 Be7 8. Bxc6 bxc6 9. Qxd4 Bc5 10. Qa4 Bb7 11. Qg4 Qe7 12. Qxg7 0-0-0 13. Bg5 Qf8 14. Qxf8 Rdxf8 15. Nc3 Rhg8 16. Na4 Bb6 17. Bh6 Re8 18. Rfe1 Rg6 19. Bd2 Reg8 20. g3 Nc5 21. Nxc5 Bxc5 22. b4 Be7 23. a4 a6 24. Nd4 Kd7 25. f4 Rg4 26. Be3 Bxb4 27. Reb1 a5 28. Rb3 Ba6 29. Nf5 R4g6 30. Rbb1 c5 31. Rd1 Ke6 32. Nh6 Rxh6 33. f5+ Kxf5 34. Bxh6 Kxe5 35. Bf4+ Ke6 36. Bxc7 Bb7 37. Bf4 c4 38. Be3 Bc6 39. Bd4 Rg4 40. c3 Be7 41. Re1+ Kd7 42. Rf1 Ke8 43. Rab1 Bxa4 44. Rb8+ Kd7 45. Bb6 Ke6 46. Bxa5 Bc6 47. Bb6 h5 48. Bd4 h4 49. Rb6 Kd6 50. Kg2 hxg3 51. hxg3 Rg8 52. Rxf7 Bh4 53. Kh3 Bd8 54. Ra6 Rg6 55. Rh7 Bg5 56. Rha7 Bd8 57. Rxc6+ Kxc6 58. Ra6+ Kb7 59. Rxg6 Bc7 60. Rg7 Kc6 61. g4 Bf4 62. g5 Bxg5 63. Rxg5 Kd6 64. Rg6+ Ke7 65. Kg4 Kf7 66. Kf5 Ke7 67. Ke5 Kd7 68. Rh6 Kc7 69. Kxd5 Kb7 70. Kc5 Ka7 71. Kb5+ Kb7 72. Rh7+ Kc8 73. Bf6 Kb8 74. Kc6 Ka8 75. Kb6 Kb8 76. Rh8# 1-0